Rosen's emergency medicine : (Record no. 118847)

MARC details
000 -LEADER
fixed length control field 01011cam a22002898a 4500
008 - FIXED-LENGTH DATA ELEMENTS--GENERAL INFORMATION
fixed length control field
020 ## - INTERNATIONAL STANDARD BOOK NUMBER
International Standard Book Number 9781455706051 (hbk.)
049 ## - LOCAL HOLDINGS (OCLC)
Holding library MAIN
090 ## - LOCALLY ASSIGNED LC-TYPE CALL NUMBER (OCLC); LOCAL CALL NUMBER (RLIN)
Classification number (OCLC) (R) ; Classification number, CALL (RLIN) (NR) RC86.7
Local cutter number (OCLC) ; Book number/undivided call number, CALL (RLIN) ROS
003 - CONTROL NUMBER IDENTIFIER
control field
005 - DATE AND TIME OF LATEST TRANSACTION
control field 20230120204208.0
040 ## - CATALOGING SOURCE
Transcribing agency NUST
245 00 - TITLE STATEMENT
Title Rosen's emergency medicine :
Remainder of title concepts and clinical practice /
Statement of responsibility, etc. editor-in-chief, John A. Marx ; senior editors, Robert S. Hockberger, Ron M. Walls ; editors, Michelle H. Biros ... [et al.]
246 1# - VARYING FORM OF TITLE
Title proper/short title Emergency medicine.
250 ## - EDITION STATEMENT
Edition statement 8th ed.
260 ## - PUBLICATION, DISTRIBUTION, ETC.
Place of publication, distribution, etc. Philadelphia, PA :
Name of publisher, distributor, etc. Elsevier/Saunders,
Date of publication, distribution, etc. c2014.
300 ## - PHYSICAL DESCRIPTION
Extent 2 volume ;
Other physical details illustrations (some color) ;
Dimensions 29 cm.
500 ## - GENERAL NOTE
General note Includes index.
504 ## - BIBLIOGRAPHY, ETC. NOTE
Bibliography, etc. note Includes bibliographical references.
650 #0 - SUBJECT ADDED ENTRY--TOPICAL TERM
Topical term or geographic name entry element Emergency medicine.
650 12 - SUBJECT ADDED ENTRY--TOPICAL TERM
Topical term or geographic name entry element Emergencies.
650 12 - SUBJECT ADDED ENTRY--TOPICAL TERM
Topical term or geographic name entry element Emergency Medicine.
700 1# - ADDED ENTRY--PERSONAL NAME
Personal name Rosen, Peter,
Dates associated with a name 1935-
Title of a work Emergency medicine.
700 1# - ADDED ENTRY--PERSONAL NAME
Personal name Marx, John A.
907 ## - LOCAL DATA ELEMENT G, LDG (RLIN)
a .b10364997
b 05-11-15
c 04-11-15
942 ## - ADDED ENTRY ELEMENTS (KOHA)
Koha item type Ordinary Loan Books
Call number prefix RC86.7
Call number suffix ROS
Holdings
Date last seen Total Checkouts Full call number Barcode Cost, replacement price Price effective from Koha item type Lost status Source of classification or shelving scheme Damaged status Not for loan Collection Withdrawn status Home library Current library Shelving location Date acquired Cost, normal purchase price
01/20/2023   RC86.7 ROS 92004039524 80.00 01/20/2023 BOOKS   LCC     NFIC   Medical Medical GEN 01/20/2023 80.00